| 000 -LEADER |
| fixed length control field |
00681cam a2200241 a 4500 |
| 003 - CONTROL NUMBER IDENTIFIER |
| control field |
OSt |
| 005 - DATE AND TIME OF LATEST TRANSACTION |
| control field |
20240117123842.0 |
| 008 - FIXED-LENGTH DATA ELEMENTS--GENERAL INFORMATION |
| fixed length control field |
950206s1994 enka d 000 0 eng d |
| 020 ## - INTERNATIONAL STANDARD BOOK NUMBER |
| International Standard Book Number |
9780714844879 |
| 035 ## - SYSTEM CONTROL NUMBER |
| System control number |
(OCoLC)31655915 |
| 040 ## - CATALOGING SOURCE |
| Original cataloging agency |
Uk |
| Transcribing agency |
Uk |
| Modifying agency |
CU-I |
| -- |
DLC |
| 082 00 - DEWEY DECIMAL CLASSIFICATION NUMBER |
| Classification number |
709 |
| Edition number |
20 |
| 245 04 - TITLE STATEMENT |
| Title |
The art book / |
| Statement of responsibility, etc |
[contributors: Adam Butler, Claire Van Cleave, Susan Stirling]. |
| 260 ## - PUBLICATION, DISTRIBUTION, ETC. (IMPRINT) |
| Place of publication, distribution, etc |
London : |
| Name of publisher, distributor, etc |
Phaidon, |
| Date of publication, distribution, etc |
1994. |
| 300 ## - PHYSICAL DESCRIPTION |
| Extent |
512 p. : |
| Other physical details |
col. ill. ; |
| Dimensions |
30 cm. |
| 650 #0 - SUBJECT ADDED ENTRY--TOPICAL TERM |
| Topical term or geographic name as entry element |
Art |
| General subdivision |
Themes, motives. |
| 650 #0 - SUBJECT ADDED ENTRY--TOPICAL TERM |
| Topical term or geographic name as entry element |
Artists |
| General subdivision |
Dictionaries. |
| 653 0# - INDEX TERM--UNCONTROLLED |
| Uncontrolled term |
Visual arts |
| 700 1# - ADDED ENTRY--PERSONAL NAME |
| Personal name |
Butler, Adam. |
| 700 1# - ADDED ENTRY--PERSONAL NAME |
| Personal name |
Van Cleave, Claire. |
| 700 1# - ADDED ENTRY--PERSONAL NAME |
| Personal name |
Stirling, Susan. |
| 942 ## - ADDED ENTRY ELEMENTS (KOHA) |
| Source of classification or shelving scheme |
|